Compensación económica: doctrinas esenciales

Bewaard in:
Bibliografische gegevens
Hoofdauteurs: Lepin Molina, Cristián Luis (Auteur), Muñoz Villagra, Karen (Auteur)
Formaat: Boek
Taal:Spaans
Gepubliceerd in: Santiago Legal Publishing 2016
Editie:2a. ed
Reeks:Monografías
Onderwerpen:
Tags: Voeg label toe
Geen labels, Wees de eerste die dit record labelt!

MARC

LEADER 00000cam a2200000 a 4500
001 UCD4558
003 CL-VaPUC
008 160713e20160000cl |||||||||||||||||spa|d
020 |a 9789563468007 
082 0 4 |a 346.830166  |b LEP  |2 21 
100 |a Lepin Molina, Cristián Luis  |e author  |9 622188 
700 0 |a Muñoz Villagra, Karen  |e author  |9 588282 
245 1 0 |a Compensación económica: doctrinas esenciales 
250 |a 2a. ed 
300 |a 569 p 
942 |c BK 
945 |d 20160713 20:53:00  |a dcastane 
260 |a Santiago  |b Legal Publishing  |c 2016 
650 0 |a Compensación económica  |9 522559 
650 7 |a MATRIMONIO  |2 CL-VaPUC  |9 588283 
650 0 |a Divorcio  |9 256204 
583 |a last modification  |c 20160713 20:53:00  |k Rodrigo Vera 
490 0 |a Monografías 
999 |c 365448  |d 365446 
952 |0 0  |1 0  |3 erb  |4 0  |6 346_830166000000000_LEP_2016  |7 0  |8 A  |9 479312  |a BIBDER  |b BIBDER  |i 5297885  |l 4  |o 346.830166 LEP 2016  |p 5297885  |r 2024-04-18  |s 2024-03-26  |w 2019-11-24  |y BK  |z Catalogado en:20160713  |k DER